| 000 | 00326nam a2200121Ia 4500 | ||
|---|---|---|---|
| 008 | 210430s9999 xx 000 0 und d | ||
| 082 | _a301 B166 D | ||
| 100 |
_aTherese L.Baker _953406 |
||
| 245 |
_aDoing Social Research _cTherese L.Baker |
||
| 260 |
_aIslamabad _bTherese L. Baker _c2010 |
||
| 300 | _a528p | ||
| 942 |
_cBK _2ddc |
||
| 999 |
_c563399 _d563399 |
||